000 00747nam a2200181Ia 4500
008 090124s9999 xx 000 0 und d
082 _b108054
100 _aआपटे गुरुजी ( आपटे पांडुरंग श्रीधर )
245 _a सेनापति बापट दर्शन
250 _a1
260 _c1960
300 _a14+176
600 _aआपटे गुरुजी ( आपटे पांडुरंग श्रीधर )
630 _a सेनापति बापट दर्शन
700 _aआपटे गुरुजी ( आपटे पांडुरंग श्रीधर )
730 _a सेनापति बापट दर्शन
942 _cBOOK
999 _c154145
_d154145